00892 a2200157 45000010006000000050017000060080041000230030015000640400040000790800060001192450058001792640039002373000019002765050421002951000018007165335920260407155808.0260407a1965 arg spa dAR-UNSa-BCEJYS aAR-UNSa-BCEJYSbspacAR-UNSa-BCEJYS a330.342.15xEconomía socialista. Economía comunista10aEl cálculo económico en una economía socialista 1aBarcelona :bEdiciones Arielc1965 a157 p.c18 cm. a1. Tres artículos sobre el problema del cálculo económico en una economía socialista - 2. La teoría económica y los problemas de una economía socialista(1933) - 3. Una nota sobre el ahorro y la inversión en una economía socialista(1939) - 4. Revisión de la discusión sobre el cálculo económico en una economía socialista(1953) - 5. Los economistas y la teoría económica del socialismo1 aDobb, Maurice